Κατάλογος Βιβλιοθηκών Mediterranean College

Art of Life Health / 50 Χρόνια Λητώ (Record no. 9464)

MARC details
000 -LEADER
fixed length control field 02011cam a22001934a 4500
005 - ΗΜΕΡΟΜΗΝΙΑ ΚΑΙ ΩΡΑ ΤΕΛΕΥΤΑΙΑΣ ΕΝΗΜΕΡΩΣΗΣ
Πεδίο ελέγχου 20250605164401.0
008 - FIXED-LENGTH DATA ELEMENTS--GENERAL INFORMATION
Πεδίο ελέγχου σταθερού μήκους 250528s ||||||||||||||||||||||||d
035 ## - SYSTEM CONTROL NUMBER
System control number 24594
040 ## - ΠΗΓΗ ΚΑΤΑΛΟΓΟΓΡΑΦΗΣΗΣ
Φορέας πρωτότυπης καταλογογράφησης MC Athens Campus Library
Γλώσσα καταλογογράφησης Ελληνικά, Μοντέρνα (1453-)
Modifying agency MC Athens Campus Library
Κανόνες περιγραφικής καταλογογράφησης AACR2
245 1# - ΤΙΤΛΟΣ ΚΑΙ ΔΗΛΩΣΗ ΥΠΕΥΘΥΝΟΤΗΤΑΣ
Τίτλος Art of Life Health / 50 Χρόνια Λητώ
260 ## - PUBLICATION, DISTRIBUTION, ETC.
Date of publication, distribution, etc. 2021
300 ## - PHYSICAL DESCRIPTION
Extent 114
520 ## - SUMMARY, ETC.
Summary, etc. Διαδερματικές Θεραπείες για τις Βαλβίδες της Καρδιάς αντί Χειρουργείου, Ελάχιστα Επεμβατική Χειρουργική στις Συγγενείς Καρδιοπάθειες Παίδων και Ενηλίκων, Αγγειακές Δυσπασίες, Εγκυμοσύνη μετά τον Καρκίνο του Μαστού, Σπονδυλόλυση και Σπονδυλολίσθηση, Σακχαρώδης Διαβήτης Κύησης, Κρανιοσυνοστέωση και Πλαγιοκεφαλία, Υπερτροφική Αποφρακτική Μυοκαρδιοπάθεια, Τι Είναι η Στερεοτακτική Ακτινοχειρουργική Εγκεφάλου Gamma Knife, Ακτινοθεραπεία: Η Αναίμακτη Ίαση στον Καρκίνο του Προστάτη, Νέες Ακτινοθεραπευτικές Προσεγγίσεις στον Καρκίνο του Παγκρέατος, Το Πάζλ της Ακτινοθεραπείας: Η Επικοινωνία είναι το Κλειδί, Ανεξήγητη Υπογονιμότητα: Η Λύση του Μυστηρίου, Διατροφή στην Εγκυμοσύνη, Λιθίαση Ουροποιητικού στην Εγκυμοσύνη, Σύγχρονος Τρόπος Ζωής και Αναπαραγωγική Υγεία, Όρια Χρήσης της Τεχνολογίας στα Παιδιά, Για την Κοινωνία.
700 1# - ΠΡΟΣΘΕΤΗ ΑΝΑΓΡΑΦΗ--ΦΥΣΙΚΟ ΠΡΟΣΩΠΟ
Personal name Βασιλάκη Κατερίνα
9 (RLIN) 9488
710 2# - ΠΡΟΣΘΕΤΗ ΑΝΑΓΡΑΦΗ--ΣΥΛΛΟΓΙΚΟ ΟΡΓΑΝΟ
Corporate name or jurisdiction name as entry element Mc Victor And Hamilton Sa
9 (RLIN) 9837
942 ## - ADDED ENTRY ELEMENTS (KOHA)
Koha item type Περιοδικά Δημοσιεύματα
Holdings
Τύπος τεκμηρίου Βιβλιοθήκη Τρέχουσα τοποθεσία Barcode Ημερομηνία απόκτησης Ταξιθετικό σύμβολο Αριθμός αντιτύπου Κατάσταση απόσυρσης Κατάσταση χαμένου Κατάσταση κατεστραμμένου Μη δανεισμός Σύνολο δανεισμών Ημερομηνία τελευταίας εμφάνισης Η τιμή ισχύει από
Περιοδικά Δημοσιεύματα MC Athens Campus Library MC Athens Campus Library 9780000094636 05/06/2025 LIFE HEALTH 1           05/06/2025 05/06/2025

MC Athens Campus Library
Πατησίων 94 & Κοδριγκτώνος 13, 104 34
Πελλήνης 8 & Πατησίων 107, 112 51
Τ: +30 210 8899600

MC Thessaloniki Campus Library
Ίωνος Δραγούμη 21, 54625 | Ίωνος Δραγούμη 15, 54625
Τ: +30 2310 287779 – Τ: +30 2314 440300